University Home | Library Home | Institutional Repository

Productivity and Technological progress in japanese Agriculture, (Record no. 124703)

MARC details
000 -LEADER
fixed length control field 00381cas a2200121 4500
008 - FIXED-LENGTH DATA ELEMENTS--GENERAL INFORMATION
fixed length control field 150729n eng u
035 ## - SYSTEM CONTROL NUMBER
System control number (Sirsi) a191271
050 ## - LIBRARY OF CONGRESS CALL NUMBER
Classification number HD 1415 TSU
245 ## - TITLE STATEMENT
Title Productivity and Technological progress in japanese Agriculture,
Statement of responsibility, etc. Keizo tsuchiya
260 ## - PUBLICATION, DISTRIBUTION, ETC.
Place of publication, distribution, etc. Tokyo:
Name of publisher, distributor, etc. University of Tokyo Press,
Date of publication, distribution, etc. 1976
300 ## - PHYSICAL DESCRIPTION
Extent xxiii, 261p.
650 ## - SUBJECT ADDED ENTRY--TOPICAL TERM
Topical term or geographic name entry element Agriculture

No items available.

© 2026 - The University of Zambia Library - Koha v25.11